000 00320nam a2200145Ia 4500
008 230917s9999||||xx |||||||||||||| ||und||
040 _e242787
_aMAIN
041 _aEnglish
082 _a512.5 A59P
100 _aAnju
245 0 _aPrimitive Idempotents in R16p'
260 _c2016
300 _a99 p.
942 _cTH
999 _c127571
_d127571